Nedostatok pracovnej sily ? čoraz viac realita

Keď priemysel na Slovensku kolaboval a nezamestnanosť sa pohybovala vo vysokých číslach, práca vo výrobných firmách sa brala všetkými desiatimi. Dnes ľudia pri hľadaní zamestnania berú veľký ohľad na svoj komfort. Voľných ľudí je málo. Ideálny je dostupný človek. Ľudia nechýbajú len IT priemyslu, má...

Descrizione completa

Salvato in:
Dettagli Bibliografici
Autore principale: Krčmáriková, Lea
Altri autori: Jesný, Martin
Natura: Capitolo di libro
Lingua:slovacco
Soggetti:
Tags: Aggiungi Tag
Nessun Tag, puoi essere il primo ad aggiungerne!!

MARC

LEADER 00000naa$a2200000$$$4500
001 0057651
005 20231009073454.4
041 0 |a slo 
044 |a SK 
245 1 0 |a Nedostatok pracovnej sily ?  |b čoraz viac realita  |c Lea Krčmáriková, Martin Jesný 
520 |a Keď priemysel na Slovensku kolaboval a nezamestnanosť sa pohybovala vo vysokých číslach, práca vo výrobných firmách sa brala všetkými desiatimi. Dnes ľudia pri hľadaní zamestnania berú veľký ohľad na svoj komfort. Voľných ľudí je málo. Ideálny je dostupný človek. Ľudia nechýbajú len IT priemyslu, málo ich je i v hutníctve či strojárstve. Najžiadanejšie pracovné pozície - neobsadené pracovné miesta. Ľudia začínajú chýbať aj v profesiách, ktoré nekladú vysoké nároky na vzdelanie. Zamestnávatelia už berú do úvahy ľudí, ktorí boli pre nich kedysi absolútne nezaujímaví. 
610 2 0 |a trh práce 
610 2 0 |a sily pracovné 
610 2 0 |a využitie síl pracovných 
610 2 0 |a zdroje síl pracovných 
610 2 0 |a miesta voľné 
610 2 0 |a Slovensko 
100 1 |a Krčmáriková, Lea 
700 1 |a Jesný, Martin